One Day (Reckoning Song) - Asaf Avidan & The Mojos - All Lyrics - Statistics

General Stats
  • This quiz has been taken 15 times
  • The average score is 230 of 306
Answer Stats
Answer % Correct
be
100%
be-
100%
day
100%
One
100%
the
100%
The
100%
and
91%
And
91%
have
91%
I
91%
is
91%
more
91%
Oh
91%
baby,
82%
could
82%
cry
82%
do,
82%
do
82%
No
82%
old
82%
that
82%
think
82%
time
82%
to
82%
we
82%
we'll
82%
when
82%
why
82%
you
82%
You
82%
about
73%
But
73%
can
73%
don't
73%
heart
73%
laugh
73%
my
73%
out
73%
tears,
73%
wonder
73%
all
64%
can't
64%
dry
64%
go
64%
of
64%
stories
64%
told
64%
door
55%
had
55%
things
55%
was
55%
before
45%
did
45%
imagine
45%
in
45%
it
45%
me
45%
rich
45%
just
36%
like
36%
Like
36%
Little
36%
little
36%
men
36%
never
36%
poor
36%
said
36%
you're
36%
know
27%
leave
27%
pain,
27%
sure
27%
they
27%
They
27%
blame,
18%
clouds
18%
fathers
18%
guilt,
18%
heavy
18%
Here
18%
hurt,
18%
kept
18%
our
18%
plane
18%
rain
18%
really
18%
shame
18%
stuck
18%
That's
18%
through
18%
true
18%
again:
9%
doing
9%
founding
9%
No matching quizzes found
Score Distribution
Percent of People with Each Score
Percentile by Number Answered
Your Score History
You have not taken this quiz